| Tag |
First Indicator |
Second Indicator |
Subfields |
| LEADER |
00000cam a2200000Ii 4500 |
| 001 |
in00003607071 |
| 005 |
20170928112110.0 |
| 008 |
160304s1921 txu s000 0 eng d |
| 035 |
|
|
|a (OCoLC)ocn943204838
|
| 035 |
|
|
|a (OCoLC)943204838
|
| 040 |
|
|
|a TXA
|b eng
|e rda
|c TXA
|d UtOrBLW
|
| 043 |
|
|
|a n-us-tx
|
| 049 |
|
|
|a TXAM
|
| 086 |
|
|
|a Z TA245.7 B874 B-58
|2 txdocs
|
| 090 |
|
|
|a S544.3.T4
|b T22 B-58
|
| 245 |
0 |
0 |
|a Record book for secrtaery of farm women's home demonstration clubs.
|
| 246 |
1 |
|
|i Corrected title:
|a Record book for secretary of farm women's home demonstration clubs
|
| 264 |
|
1 |
|a College Station, Texas :
|b [Extension Service, Agricultural and Mechanical College of Texas],
|c 1921.
|
| 300 |
|
|
|a 32 pages ;
|c 22 cm.
|
| 336 |
|
|
|a text
|b txt
|2 rdacontent
|
| 337 |
|
|
|a unmediated
|b n
|2 rdamedia
|
| 338 |
|
|
|a volume
|b nc
|2 rdacarrier
|
| 490 |
1 |
|
|a [Bulletin] / Extension Service ;
|v B-58
|
| 500 |
|
|
|a "January 1921."
|
| 500 |
|
|
|a "In cooperation with the United States Department of Agriculture."
|
| 500 |
|
|
|a Title from cover.
|
| 650 |
|
0 |
|a Home demonstration work
|v Records and correspondence.
|
| 650 |
|
0 |
|a Agricultural education
|x Societies, etc.
|v Records and correspondence.
|
| 650 |
|
3 |
|a adult education.
|
| 650 |
|
3 |
|a farm records.
|
| 650 |
|
3 |
|a curriculum.
|
| 653 |
|
|
|a meeting minutes
|a records
|a attendance
|
| 710 |
2 |
|
|a Agricultural and Mechanical College of Texas.
|b Extension Service,
|e issuing body.
|0 http://id.loc.gov/authorities/names/no2009065583
|
| 710 |
1 |
|
|a United States.
|b Department of Agriculture,
|e issuing body.
|0 http://id.loc.gov/authorities/names/n79008243
|
| 830 |
|
0 |
|a Bulletin (Agricultural and Mechanical College of Texas. Extension Service) ;
|v B-58.
|0 http://id.loc.gov/authorities/names/no2009065673
|
| 856 |
1 |
0 |
|z Available online via OAK Trust Repository
|u http://oaktrust.library.tamu.edu/handle/1969.1/156008
|t 0
|
| 994 |
|
|
|a C0
|b TXA
|
| 999 |
f |
f |
|s a931c0be-a6c8-33a5-8ce8-f729334b9269
|i a7c35370-b1b9-3962-9d47-5c750a749270
|t 0
|
| 952 |
f |
f |
|a Texas A&M University
|b College Station
|c Sterling C. Evans Library
|d Evans: Library Stacks
|t 0
|e S544.3.T4 T22 no. B-58
|h Library of Congress classification
|
| 998 |
f |
f |
|a S544.3.T4 T22 no. B-58
|t 0
|l Evans: Library Stacks
|